Programa de intervención psicosocial dentro del marco del plan de seguridad democrática (Barrio Seguro) (Record no. 9275)

MARC details
000 -LEADER
campo de control de longitud fija 00441nam a2200133Ia 4500
001 - NÚMERO DE CONTROL
campo de control 1424
008 - DATOS DE LONGITUD FIJA--INFORMACIÓN GENERAL
campo de control de longitud fija 241024s9999 xx 000 0 und d
082 ## - NÚMERO DE LA CLASIFICACIÓN DECIMAL DEWEY
Número de clasificación RD/370.11/R426p
100 ## - ENTRADA PRINCIPAL--NOMBRE DE PERSONA
Nombre de persona República Dominicana.Secretaría de Estado de Educación
245 #0 - MENCIÓN DEL TÍTULO
Título Programa de intervención psicosocial dentro del marco del plan de seguridad democrática (Barrio Seguro)
260 ## - PUBLICACIÓN, DISTRIBUCIÓN, ETC.
Nombre del editor, distribuidor, etc. Santo Domingo
901 ## - ELEMENTOS DE DATOS A LOCAL LDA (RLIN)
a 15/4/2011 9:32:44 a.m.

No items available.

© 2024. Todos los Derechos Reservados. Desarrollado por IDEICE